[Event "4NCL Div 1 2018-19"]
[Site "Telford"]
[Date "2019.02.10"]
[Round "6.5"]
[White "Ansell, Simon T"]
[Black "Cyborowski, Lukasz"]
[Result "1/2-1/2"]
[WhiteElo "2336"]
[BlackElo "2520"]
[Annotator "TA"]
[PlyCount "60"]
[EventDate "2018.11.10"]
[EventType "team-tourn"]
[EventCountry "GBR"]
[SourceTitle "playchess.com"]
[Source "ChessBase"]
[SourceQuality "1"]

{[%evp 9,60,0,5,0,0,0,20,20,19,20,19,21,15,15,15,7,10,-14,13,9,22,14,43,46,54,37,41,25,26,16,15,17,25,8,5,0,35,26,29,15,50,43,47,38,27,0,0,0,0,0,0,0,14]} 1. d4 Nf6 2. Bf4 e6 3. e3 Be7 (3... c5 4. Nd2 cxd4 5. exd4 Be7 6. Ngf3 O-O 7. Bd3 b6 8. O-O Bb7 9. Re1 d6 10. c3 a6 11. Ng5 h6 12. Nge4 Nxe4 13. Nxe4 Bxe4 14. Bxe4 d5 15. Bc2 Bg5 16. Qd3 g6 17. Rxe6 {1-0 (17) Aronian,L (2767)-Giri,A (2782) chess.com INT 2018}) 4. Nd2 b6 5. Qf3 d5 $146 ({Predecessor:} 5... Nc6 6. c3 Bb7 7. Qh3 d6 8. O-O-O Qd7 9. Ngf3 h6 10. Bg5 O-O-O 11. Bxf6 Bxf6 {½-½ (57) Muschik,B (2201)-Reiter,H (1983) Germany 2008}) 6. Bb5+ {A45: Trompowsky Attack} c6 7. Bd3 Ba6 (7... c5 {looks sharper.} 8. Ne2 Nc6 9. c3 O-O 10. O-O Bd6) 8. Bxa6 Nxa6 9. c3 O-O 10. g4 Ne8 11. Qe2 Nb8 12. Ngf3 Bd6 13. Bg5 Be7 14. h4 Nd6 15. e4 dxe4 (15... f6 $5 {[%cal Rf6g5]} 16. e5 fxg5 17. exd6 {[%mdl 64] Discovered Attack} Qxd6 $11) 16. Nxe4 Re8 17. O-O-O Nxe4 18. Qxe4 Qd5 19. Rde1 Nd7 20. Bxe7 Rxe7 21. g5 Rae8 22. Kc2 Qxe4+ (22... f6 {feels hotter.} 23. Rh3 c5 24. a3 Qxe4+ 25. Rxe4 f5) 23. Rxe4 Kf8 24. Rhe1 c5 25. dxc5 Nxc5 26. R4e3 Rc8 27. Ne5 Nd7 {The position is equal.} 28. Nd3 Nc5 29. Ne5 Nd7 30. Nd3 Nc5 {Accuracy: White = 56%, Black = 68%.} 1/2-1/2

[Event "4NCL Div 1 2018-19"]
[Site "Telford"]
[Date "2019.02.10"]
[Round "6.5"]
[White "Chow, Samuel"]
[Black "Pert, Nicholas"]
[Result "0-1"]
[WhiteElo "2326"]
[BlackElo "2542"]
[Annotator "TA"]
[PlyCount "172"]
[EventDate "2018.11.10"]
[EventType "team-tourn"]
[EventCountry "GBR"]
[SourceTitle "playchess.com"]
[Source "ChessBase"]
[SourceQuality "1"]

{[%evp 21,172,-33,5,0,0,-7,0,0,0,0,0,-6,0,-35,-29,-32,-37,-36,-29,-31,-21,-14,-16,-43,-44,-37,-37,-37,-42,-50,-48,-29,-41,-42,-27,-50,-49,-57,-54,-129,-131,-131,-131,-120,-81,-134,-122,-137,-90,-101,-8,-8,-10,-11,0,0,0,0,0,0,0,0,0,0,0,0,0,-33,-33,-33,-33,-33,-33,-33,-33,-41,-41,-41,-41,-41,-33,-33,-33,-33,-33,-33,0,0,0,0,0,0,0,0,0,0,0,0,0,-8,-8,-18,0,0,0,0,0,0,0,0,0,0,0,0,0,0,0,0,0,0,0,0,0,0,0,0,0,0,0,0,0,-5073,-11342,-4777,-1390,-29965,-29963,-29980,-8,-29981,-8,-29982,-29983,-29985,-29984,-29984,-29985,-29986,-29987,-29987,-29988,-29988,-29989]} 1. d4 d5 2. c4 c6 3. Nf3 Nf6 4. Qc2 dxc4 5. Qxc4 Bf5 6. g3 e6 7. Bg2 Nbd7 8. O-O Be7 9. Nc3 O-O 10. Qb3 Qb6 11. Re1 Ne4 12. Nh4 {D23: Queen's Gambit Accepted: 3 Nf3 Nf6 sidelines} Bxh4 ({But not} 12... Qxd4 $2 13. Nxe4 (13. Be3 Qb4 $16) 13... Bxe4 14. Rd1 $18) 13. gxh4 Ndf6 ({Not} 13... Qxd4 $2 14. Be3 $18) 14. f3 {The position is equal.} Nxc3 15. bxc3 e5 16. e4 Be6 17. Qa4 Nh5 18. Be3 Qd8 19. Bg5 {[#]} f6 $146 (19... Qd6 {feels hotter.} 20. Rad1 a5 21. Be3 b5 22. Qc2 Nf4) ({Predecessor:} 19... Qc7) 20. Be3 Nf4 21. Bxf4 exf4 22. Rad1 b5 23. Qa6 Qb6 24. Qxb6 axb6 25. d5 cxd5 26. exd5 Bd7 27. Rd2 Ra3 28. Re4 Rfa8 29. Rxf4 Rxa2 30. Rfd4 (30. Rxa2 $15 Rxa2 31. Rb4) 30... Rxd2 $17 31. Rxd2 {[%mdl 4096] Endgame KRB-KRB} Ra3 32. Rc2 Kf8 33. Bf1 (33. d6 $142) 33... Ke7 $1 34. Rb2 Rxc3 35. Bxb5 {[#]} Bxb5 ({Black should try} 35... Bf5 $1 $17 36. Kf2 Rc2+ 37. Rxc2 Bxc2) 36. Rxb5 $11 Rxf3 37. Rxb6 $17 {KR-KR} Rf4 38. Rb7+ Kd6 39. Rxg7 Rxh4 40. Kg2 Rh6 {Threatens to win with ...Rg6+.} 41. Ra7 Kxd5 42. Kg3 Ke4 43. Ra4+ Kf5 44. Ra5+ Kg6 45. Ra8 Rh5 46. Rg8+ Kf7 47. Ra8 Rb5 48. Ra7+ Kg6 49. Rc7 Rb3+ 50. Kg2 h5 51. Rc8 $1 Kg5 52. Ra8 Rb4 53. Kg3 h4+ 54. Kh3 Rb3+ 55. Kg2 Rb2+ 56. Kh3 $1 f5 57. Ra4 Re2 58. Rb4 Re3+ 59. Kg2 Re4 60. Rb8 Re2+ 61. Kf3 Rxh2 {And now ...Rh3+ would win.} 62. Rg8+ Kf6 63. Rf8+ Kg6 64. Rg8+ Kf7 65. Rh8 Kg7 66. Rh5 Kg6 67. Rh8 Rh3+ 68. Kf4 Rh1 69. Rg8+ Kf7 70. Rh8 Kg7 71. Ra8 Rf1+ 72. Kg5 h3 73. Ra7+ Kg8 {aiming for ...h2.} (73... Kf8 $5 {[%cal Rh3h2]} 74. Rh7 Rh1 $17) 74. Ra2 Kf7 {Strongly threatening ...Ke6.} 75. Re2 Rf3 76. Kh5 $2 {[%mdl 8192]} (76. Re1 $11) 76... Kf6 $19 77. Kh4 Rd3 (77... Ra3 $142 78. Rh2 Ke5 79. Re2+ Kd4) 78. Re1 h2 79. Rh1 Rd8 $2 (79... Rd4+ 80. Kg3 Kg5 81. Kg2 Rh4 82. Kf3 f4 83. Ke2 Rh3 84. Kf1 Kg4 85. Ke2 Ra3 86. Kd2 Kg3 87. Rb1 Kg2 88. Kc2 h1=Q 89. Rxh1 Kxh1 90. Kb2 Re3 91. Kc2 f3 92. Kd2 Ra3 93. Ke1 Ra2 94. Kf1 Kh2 95. Ke1 Kg3 96. Kd1 f2 97. Kc1 f1=Q#) 80. Kg3 $2 {[%mdl 8192] [#]} (80. Rxh2 $11 Rh8+ 81. Kg3 Rxh2 82. Kxh2 Ke5 83. Kg2 Ke4 84. Kg3 Ke3 85. Kg2 f4 86. Kf1 Kf3 87. Ke1 Kg2 88. Ke2 f3+ 89. Kd3 f2 90. Kc4 f1=Q+ 91. Kd5 Kf3 92. Kc6 Ke4 93. Kc5 Qa6 94. Kb4 Kd4 95. Kb3 Kd3 96. Kb2 Qb5+ 97. Ka2 Kc2 98. Ka3 Qb3#) 80... Rh8 $2 (80... Kg5 $1 {mates} 81. Kf2 Kg4 82. Rxh2 Rd2+ 83. Kg1 Rxh2 84. Kxh2 Kf3 85. Kh1 f4 86. Kg1 Ke2 87. Kg2 f3+ 88. Kg3 f2 89. Kf4 f1=Q+ 90. Ke5 Kd3 91. Kd5 Qf6 92. Kc5 Qe6 93. Kb5 Qd6 94. Ka4 Kc4 95. Ka5 Qg6 96. Ka4 Qa6#) 81. Kg2 $2 {[%mdl 8192]} (81. Rxh2 $11 Rxh2 82. Kxh2 Ke5 83. Kg2 Ke4 84. Kf2 Kf4 85. Kf1 Kf3 86. Kg1 f4 87. Kh2 Ke3 88. Kh3 f3 89. Kg4 f2 90. Kf5 f1=Q+ 91. Ke5 Qd3 92. Kf6 Kf4 93. Kf7 Kf5 94. Ke7 Qd1 95. Kf8 Kf6 96. Ke8 Qd5 97. Kf8 Qf7#) 81... Kg5 {Black mates.} 82. Kf3 Rh3+ 83. Kg2 Kg4 84. Kf2 f4 85. Kg2 f3+ 86. Kf2 Rh8 {Accuracy: White = 56%, Black = 65%.} 0-1

[Event "4NCL Div 1 2018-19"]
[Site "Telford"]
[Date "2019.02.10"]
[Round "6.6"]
[White "Le Roux, Jean-Pierre"]
[Black "Weller, Jean-Luc"]
[Result "1-0"]
[WhiteElo "2534"]
[BlackElo "2258"]
[Annotator "TA"]
[PlyCount "65"]
[EventDate "2018.11.10"]
[EventType "team-tourn"]
[EventCountry "GBR"]
[SourceTitle "playchess.com"]
[Source "ChessBase"]
[SourceQuality "1"]

{[%evp 16,65,20,18,24,22,37,36,34,29,44,38,160,150,158,154,207,211,256,252,404,411,483,460,485,479,559,558,642,575,745,742,742,742,742,731,758,772,747,749,791,782,1110,1110,1110,1100,1100,1094,1077,1075,1004,937]} 1. d4 Nf6 2. Nf3 d5 3. c4 c6 4. Nbd2 Bf5 5. Nh4 (5. Qb3 Qb6 6. Nh4 Be4 7. e3 e6 8. Be2 Be7 9. Nxe4 dxe4 10. g3 c5 11. Bd2 cxd4 12. exd4 Nc6 13. Bc3 O-O-O {1-0 (49) Mamedyarov,S (2808)-So,W (2778) Leuven 2018}) 5... Be4 6. e3 {D11: Slav Defence: 3 Nf3 sidelines and 3...Nf6 4 e3 Bg4} Nbd7 7. Be2 e6 8. O-O Bd6 9. g3 {LiveBook: 3 Games} O-O 10. b3 h6 $146 ({Predecessor:} 10... Qe7 11. a3 Rfb8 12. Bb2 b5 13. Nxe4 Nxe4 {½-½ (75) Bruzon Batista,L (2684)-Ashwin,J (2466) Chicago 2015}) 11. Nxe4 Nxe4 12. Bb2 Qa5 13. a3 Nc3 (13... Qd2 $14 14. Rb1 Qxd1 15. Rfxd1 Rfc8) 14. Bxc3 $1 $16 Qxc3 15. c5 Be7 (15... Bxc5 $16 {keeps fighting.} 16. dxc5 Qb2) 16. b4 $1 $18 a5 {[#]} 17. Qb1 $1 Bxh4 $2 (17... axb4 18. Rc1 Qxa1 19. Qxa1 bxa3) 18. gxh4 axb4 {[#]} 19. Rc1 $1 {White is clearly winning.} Qxa3 20. Rxa3 bxa3 21. Qxb7 Nf6 {Now ...a2 and Black clings on.} 22. Bd3 Rfc8 23. Ra1 Rab8 24. Qa7 Ra8 25. Qb6 Rab8 26. Qa5 Ra8 27. Qc3 Rc7 28. Rxa3 Rxa3 29. Qxa3 {White wants to mate with Qa8+.} Kf8 30. Qa8+ Ke7 31. Ba6 Ne8 32. Bc8 Nf6 33. Qb8 {Precision: White = 94%, Black = 19%.} 1-0

[Event "4NCL Div 1 2018-19"]
[Site "Telford"]
[Date "2019.02.10"]
[Round "6.6"]
[White "Galyas, Miklos"]
[Black "Bates, Richard A"]
[Result "1-0"]
[WhiteElo "2495"]
[BlackElo "2378"]
[Annotator "RC"]
[PlyCount "57"]
[EventDate "2018.11.10"]
[EventType "team-tourn"]
[EventCountry "GBR"]
[SourceTitle "playchess.com"]
[Source "ChessBase"]
[SourceQuality "1"]
[TimeControl "40/6000+30:3000+30"]

1. Nf3 {[%emt 0:00:00]} Nf6 {[%emt 0:07:16]} 2. g3 {[%emt 0:00:00]} g6 {[%emt 0:00:38]} 3. b3 {[%emt 0:00:06]} Bg7 {[%emt 0:00:19]} 4. Bb2 {[%emt 0:00:08]} O-O {[%emt 0:00:07]} 5. Bg2 {[%emt 0:00:03]} c5 {[%emt 0:11:09]} 6. c4 {[%emt 0:00:21]} Nc6 {[%emt 0:01:05]} 7. O-O {[%emt 0:00:14]} b6 {[%emt 0:08:00]} 8. d4 {[%emt 0:03:24]} cxd4 {[%emt 0:00:36]} 9. Nxd4 {[%emt 0:00:54]} Bb7 {[%emt 0:00:15]} 10. Nc3 {[%emt 0:01:28]} Qb8 {[%emt 0:07:19]} 11. Nc2 {[%emt 0:08:13]} Ne5 {[%emt 0:11:22]} 12. f4 {[%emt 0:19:08]} Bxg2 {[%emt 0:05:58]} 13. fxe5 {[%emt 0:05:36]} Bxf1 {[%emt 0:00:12]} 14. exf6 {[%emt 0:00:04]} Bxf6 {[%emt 0:06:10]} 15. Kxf1 {[%emt 0:03:33]} Qb7 {[%emt 0:09:03]} 16. Kg1 {[%emt 0:02:59]} b5 {[%emt 0:04:51]} 17. Ne3 {[%emt 0:06:30]} b4 {[%emt 0:03:37]} 18. Na4 {[%emt 0:00:19]} Qe4 {[%emt 0:08:20]} 19. Nd5 {[%emt 0:05:50]} Bxb2 {[%emt 0:00:21]} 20. Nxb2 {[%emt 0:00:05]} f5 {[%emt 0:00:41]} 21. Nd3 {[%emt 0:00:59]} e6 {[%emt 0:01:49]} 22. Nc5 {[%emt 0:07:57]} Qg4 {[%emt 0:02:47]} 23. Nxd7 {[%emt 0:00:38]} exd5 {[%emt 0:00:08]} 24. Qxd5+ {[%emt 0:00:15]} Kg7 {[%emt 0:01:35]} 25. Nxf8 {[%emt 0:02:00]} Rxf8 {[%emt 0:00:23]} 26. Qe5+ {[%emt 0:00:42]} Kg8 {[%emt 0:01:11]} 27. Qe6+ {[%emt 0:01:03]} Rf7 {[%emt 0:00:56]} 28. Rd1 {[%emt 0:00:30]} Qg5 {[%emt 0:00:05]} 29. Rd7 {[%emt 0:01:05]} 1-0

[Event "4NCL Div 1 2018-19"]
[Site "Telford"]
[Date "2019.02.10"]
[Round "6.7"]
[White "Wall, Tim P"]
[Black "Hebden, Mark L"]
[Result "1/2-1/2"]
[WhiteElo "2242"]
[BlackElo "2425"]
[Annotator "NA"]
[PlyCount "63"]
[EventDate "2018.11.10"]
[EventType "team-tourn"]
[EventCountry "GBR"]
[SourceTitle "playchess.com"]
[Source "ChessBase"]
[SourceQuality "1"]
[TimeControl "40/6000+30:3000+30"]

1. f4 {[%emt 0:35:52]} d5 {[%emt 0:00:32]} 2. Nf3 {[%emt 0:00:22]} g6 {[%emt 0:00:33]} 3. g3 {[%emt 0:00:18]} Bg7 {[%emt 0:00:09]} 4. Bg2 {[%emt 0:00:08]} Nf6 {[%emt 0:01:03]} 5. O-O {[%emt 0:00:12]} O-O {[%emt 0:00:20]} 6. d3 {[%emt 0:00:17]} c5 {[%emt 0:00:19]} 7. c3 {[%emt 0:00:29]} Nc6 {[%emt 0:03:51]} 8. Na3 {[%emt 0:00:29]} Rb8 {[%emt 0:02:28]} 9. Ne5 {[%emt 0:01:28]} Nxe5 {[%emt 0:05:31]} 10. fxe5 {[%emt 0:00:27]} Nd7 {[%emt 0:00:14]} 11. d4 {[%emt 0:03:21]} e6 {[%emt 0:00:18]} 12. Bf4 {[%emt 0:09:50]} cxd4 {[%emt 0:00:55]} 13. cxd4 {[%emt 0:00:35]} Qb6 {[%emt 0:00:23]} 14. Rf3 {[%emt 0:05:14]} a6 {[%emt 0:09:11]} 15. Kh1 {[%emt 0:04:01]} Qa7 {[%emt 0:00:30]} 16. Nc2 {[%emt 0:04:41]} b5 {[%emt 0:00:40]} 17. Qd2 {[%emt 0:00:49]} Bb7 {[%emt 0:07:36]} 18. Bh6 {[%emt 0:02:14]} f6 {[%emt 0:05:24]} 19. exf6 {[%emt 0:05:54]} Nxf6 {[%emt 0:01:25]} 20. Raf1 {[%emt 0:05:01]} Ne4 {[%emt 0:06:09]} 21. Qe3 {[%emt 0:06:42]} Rxf3 {[%emt 0:00:35]} 22. exf3 {[%emt 0:04:11]} Bxh6 {[%emt 0:00:25]} 23. Qxh6 {[%emt 0:00:10]} Nd6 {[%emt 0:02:05]} 24. Bh3 {[%emt 0:09:53]} Re8 {[%emt 0:01:08]} 25. Qf4 {[%emt 0:06:52]} Qb6 {[%emt 0:03:34]} 26. Qf6 {[%emt 0:06:33]} Nc4 {[%emt 0:05:13]} 27. Re1 {[%emt 0:12:24]} e5 {[%emt 0:03:01]} 28. Qxb6 {[%emt 0:02:24]} Nxb6 {[%emt 0:00:02]} 29. dxe5 {[%emt 0:00:54]} Nc4 {[%emt 0:00:28]} 30. b3 {[%emt 0:01:36]} Nxe5 {[%emt 0:01:37]} 31. Nd4 {[%emt 0:04:03]} Kf7 {[%emt 0:01:05]} 32. Bf1 {[%emt 0:06:46]} 1/2-1/2

[Event "4NCL Div 1 2018-19"]
[Site "Telford"]
[Date "2019.02.10"]
[Round "6.7"]
[White "Ledger, Dave J"]
[Black "Bulmaga, Irina"]
[Result "0-1"]
[WhiteElo "2237"]
[BlackElo "2386"]
[Annotator "NA"]
[PlyCount "120"]
[EventDate "2018.11.10"]
[EventType "team-tourn"]
[EventCountry "GBR"]
[SourceTitle "playchess.com"]
[Source "ChessBase"]
[SourceQuality "1"]
[TimeControl "40/6000+30:3000+30"]

1. e4 {[%emt 0:00:00]} e5 {[%emt 0:00:00]} 2. Nf3 {[%emt 0:00:00]} Nc6 {[%emt 0:00:00]} 3. Bc4 {[%emt 0:00:00]} Bc5 {[%emt 0:00:00]} 4. c3 {[%emt 0:02:05]} Nf6 {[%emt 0:00:20]} 5. d3 {[%emt 0:00:20]} d6 {[%emt 0:00:19]} 6. O-O {[%emt 0:03:01]} a5 {[%emt 0:00:16]} 7. Bb3 {[%emt 0:01:08]} h6 {[%emt 0:00:40]} 8. Nbd2 {[%emt 0:01:40]} O-O {[%emt 0:00:22]} 9. Re1 {[%emt 0:01:17]} Re8 {[%emt 0:04:31]} 10. Nf1 {[%emt 0:04:13]} Bd7 {[%emt 0:18:14]} 11. Ng3 {[%emt 0:03:48]} Qb8 {[%emt 0:07:51]} 12. h3 {[%emt 0:05:42]} Qa7 {[%emt 0:05:44]} 13. Be3 {[%emt 0:07:18]} Bxe3 {[%emt 0:03:34]} 14. Rxe3 {[%emt 0:00:55]} a4 {[%emt 0:00:22]} 15. Bc2 {[%emt 0:01:23]} d5 {[%emt 0:07:54]} 16. exd5 {[%emt 0:01:00]} Nxd5 {[%emt 0:00:15]} 17. Re4 {[%emt 0:00:06]} a3 {[%emt 0:01:32]} 18. Ra4 {[%emt 0:08:10]} Qb8 {[%emt 0:10:53]} 19. Rxa3 {[%emt 0:05:34]} Rxa3 {[%emt 0:00:42]} 20. bxa3 {[%emt 0:00:04]} Nxc3 {[%emt 0:01:11]} 21. Qd2 {[%emt 0:00:18]} Nb5 {[%emt 0:02:01]} 22. Ba4 {[%emt 0:03:33]} Nd6 {[%emt 0:02:48]} 23. Ne4 {[%emt 0:09:16]} Qa7 {[%emt 0:03:56]} 24. Bxc6 {[%emt 0:05:54]} Bxc6 {[%emt 0:00:17]} 25. Qb4 {[%emt 0:01:59]} Bxe4 {[%emt 0:02:32]} 26. dxe4 {[%emt 0:00:07]} c5 {[%emt 0:01:27]} 27. Qb2 {[%emt 0:00:39]} c4 {[%emt 0:06:23]} 28. Nxe5 {[%emt 0:09:22]} Qc5 {[%emt 0:00:43]} 29. Ng4 {[%emt 0:01:21]} Rxe4 {[%emt 0:01:46]} 30. Rc1 {[%emt 0:09:01]} b5 {[%emt 0:05:13]} 31. Rc3 {[%emt 0:05:25]} Nf5 {[%emt 0:01:58]} 32. Qd2 {[%emt 0:05:14]} Qd4 {[%emt 0:04:01]} 33. Qxd4 {[%emt 0:02:09]} Nxd4 {[%emt 0:00:07]} 34. Kh2 {[%emt 0:03:05]} Ne6 {[%emt 0:02:24]} 35. Ne3 {[%emt 0:01:34]} Nc5 {[%emt 0:00:22]} 36. Rc2 {[%emt 0:00:29]} Na4 {[%emt 0:01:53]} 37. Nd5 {[%emt 0:02:00]} Rd4 {[%emt 0:08:17]} 38. Nc3 {[%emt 0:05:29]} Nxc3 {[%emt 0:00:53]} 39. Rxc3 {[%emt 0:00:03]} Rd3 {[%emt 0:00:11]} 40. Rc2 {[%emt 0:00:12]} Rxa3 {[%emt 0:00:06]} 41. Rb2 {[%emt 0:51:43]} Ra5 {[%emt 0:51:42]} 42. Kg3 {[%emt 0:00:00]} c3 {[%emt 0:00:00]} 43. Rc2 {[%emt 0:00:00]} b4 {[%emt 0:00:00]} 44. Kf3 {[%emt 0:00:00]} Rd5 {[%emt 0:00:00]} 45. a3 {[%emt 0:00:00]} bxa3 {[%emt 0:00:00]} 46. Rxc3 {[%emt 0:00:00]} Ra5 {[%emt 0:00:00]} 47. Rc1 {[%emt 0:00:00]} a2 {[%emt 0:00:00]} 48. Ra1 {[%emt 0:00:00]} Kf8 {[%emt 0:00:00]} 49. Ke4 {[%emt 0:00:00]} Ke7 {[%emt 0:00:00]} 50. Kd4 {[%emt 0:00:00]} Kd6 {[%emt 0:00:00]} 51. Kc4 {[%emt 0:00:00]} Kc6 {[%emt 0:00:00]} 52. Kb4 {[%emt 0:00:00]} Kb6 {[%emt 0:00:00]} 53. f4 {[%emt 0:00:00]} f5 {[%emt 0:00:00]} 54. g4 {[%emt 0:00:00]} g6 {[%emt 0:00:00]} 55. gxf5 {[%emt 0:00:00]} gxf5 {[%emt 0:00:00]} 56. h4 {[%emt 0:00:00]} h5 {[%emt 0:00:00]} 57. Kc4 {[%emt 0:00:00]} Kc6 {[%emt 0:00:00]} 58. Kd4 {[%emt 0:00:00]} Kd6 {[%emt 0:00:00]} 59. Kc4 {[%emt 0:00:00]} Ra4+ {[%emt 0:00:00]} 60. Kb5 {[%emt 0:00:00]} Rxf4 {[%emt 0:00:00]} 0-1

[Event "4NCL Div 1 2018-19"]
[Site "Telford"]
[Date "2019.02.10"]
[Round "6.8"]
[White "Milliet, Sophie"]
[Black "Maroroa, Sue"]
[Result "1-0"]
[WhiteElo "2386"]
[BlackElo "2104"]
[Annotator "NA"]
[PlyCount "121"]
[EventDate "2018.11.10"]
[EventType "team-tourn"]
[EventCountry "GBR"]
[SourceTitle "playchess.com"]
[Source "ChessBase"]
[SourceQuality "1"]
[TimeControl "40/6000+30:3000+30"]

1. e4 {[%emt 0:00:00]} e5 {[%emt 0:10:51]} 2. Nf3 {[%emt 0:00:00]} Nc6 {[%emt 0:00:06]} 3. Bb5 {[%emt 0:00:00]} a6 {[%emt 0:00:04]} 4. Ba4 {[%emt 0:00:00]} Nf6 {[%emt 0:00:05]} 5. O-O {[%emt 0:00:25]} Be7 {[%emt 0:00:06]} 6. Re1 {[%emt 0:04:42]} b5 {[%emt 0:00:10]} 7. Bb3 {[%emt 0:00:03]} d6 {[%emt 0:00:07]} 8. c3 {[%emt 0:00:07]} O-O {[%emt 0:00:06]} 9. h3 {[%emt 0:00:04]} Nb8 {[%emt 0:00:07]} 10. d4 {[%emt 0:00:36]} Nbd7 {[%emt 0:00:11]} 11. Nbd2 {[%emt 0:00:28]} Bb7 {[%emt 0:00:20]} 12. Bc2 {[%emt 0:00:27]} Re8 {[%emt 0:00:24]} 13. Nf1 {[%emt 0:00:17]} Bf8 {[%emt 0:00:53]} 14. Bg5 {[%emt 0:05:15]} h6 {[%emt 0:00:30]} 15. Bh4 {[%emt 0:00:05]} Qc8 {[%emt 0:07:22]} 16. dxe5 {[%emt 0:06:24]} dxe5 {[%emt 0:00:44]} 17. N3h2 {[%emt 0:03:00]} c5 {[%emt 0:04:59]} 18. Qf3 {[%emt 0:01:33]} Qc6 {[%emt 0:04:57]} 19. Rad1 {[%emt 0:00:45]} Qe6 {[%emt 0:06:44]} 20. Bb1 {[%emt 0:07:03]} Be7 {[%emt 0:15:37]} 21. Ne3 {[%emt 0:02:53]} g6 {[%emt 0:01:07]} 22. Nhg4 {[%emt 0:20:01]} Nxg4 {[%emt 0:01:05]} 23. Qxg4 {[%emt 0:00:20]} Qxg4 {[%emt 0:01:30]} 24. Nxg4 {[%emt 0:08:46]} Bxh4 {[%emt 0:00:40]} 25. Rxd7 {[%emt 0:00:13]} Bc8 {[%emt 0:00:19]} 26. Rd5 {[%emt 0:00:44]} Bxg4 {[%emt 0:00:30]} 27. hxg4 {[%emt 0:00:04]} Rac8 {[%emt 0:00:25]} 28. g3 {[%emt 0:08:17]} Bg5 {[%emt 0:01:35]} 29. Bc2 {[%emt 0:00:42]} Kg7 {[%emt 0:05:30]} 30. Red1 {[%emt 0:11:33]} Red8 {[%emt 0:18:24]} 31. a4 {[%emt 0:05:27]} Rxd5 {[%emt 0:02:14]} 32. exd5 {[%emt 0:01:52]} Rd8 {[%emt 0:06:14]} 33. d6 {[%emt 0:01:53]} Kf6 {[%emt 0:00:25]} 34. axb5 {[%emt 0:00:54]} axb5 {[%emt 0:00:09]} 35. Rd5 {[%emt 0:15:11]} Bc1 {[%emt 0:03:07]} 36. b4 {[%emt 0:03:57]} cxb4 {[%emt 0:00:16]} 37. cxb4 {[%emt 0:00:01]} Ba3 {[%emt 0:00:11]} 38. d7 {[%emt 0:00:34]} Bxb4 {[%emt 0:03:34]} 39. Rxb5 {[%emt 0:01:06]} Bd6 {[%emt 0:00:49]} 40. Rb7 {[%emt 0:00:12]} Kg5 {[%emt 0:06:38]} 41. Bb3 {[%emt 0:07:26]} f5 {[%emt 0:03:21]} 42. gxf5 {[%emt 0:01:13]} gxf5 {[%emt 0:00:45]} 43. Bf7 {[%emt 0:00:44]} f4 {[%emt 0:04:08]} 44. Kg2 {[%emt 0:10:57]} fxg3 {[%emt 0:02:48]} 45. fxg3 {[%emt 0:00:03]} Kf5 {[%emt 0:08:33]} 46. Be8 {[%emt 0:00:48]} Be7 {[%emt 0:00:45]} 47. Rb6 {[%emt 0:03:51]} Bf6 {[%emt 0:01:36]} 48. g4+ {[%emt 0:00:37]} Kg5 {[%emt 0:00:32]} 49. Kf3 {[%emt 0:01:25]} Ra8 {[%emt 0:01:44]} 50. Bh5 {[%emt 0:06:21]} Ra3+ {[%emt 0:03:17]} 51. Ke4 {[%emt 0:00:07]} Ra4+ {[%emt 0:00:40]} 52. Kd5 {[%emt 0:00:13]} Rd4+ {[%emt 0:00:13]} 53. Ke6 {[%emt 0:01:15]} Bd8 {[%emt 0:15:48]} 54. Rb8 {[%emt 0:01:01]} Bc7 {[%emt 0:00:42]} 55. Rc8 {[%emt 0:00:24]} Bb6 {[%emt 0:00:08]} 56. Rc6 {[%emt 0:00:24]} Bd8 {[%emt 0:00:40]} 57. Rc5 {[%emt 0:00:52]} Bf6 {[%emt 0:04:19]} 58. Rc8 {[%emt 0:00:54]} e4 {[%emt 0:01:42]} 59. Rc5+ {[%emt 0:03:49]} Kh4 {[%emt 0:00:07]} 60. Kxf6 {[%emt 0:00:14]} Rxd7 {[%emt 0:00:04]} 61. Re5 {[%emt 0:00:08]} 1-0

[Event "4NCL Div 1 2018-19"]
[Site "Telford"]
[Date "2019.02.10"]
[Round "6.8"]
[White "Dahl, Baard"]
[Black "Ledger, Stephen C"]
[Result "1/2-1/2"]
[WhiteElo "2053"]
[BlackElo "2023"]
[Annotator "NA"]
[PlyCount "59"]
[EventDate "2018.11.10"]
[EventType "team-tourn"]
[EventCountry "GBR"]
[SourceTitle "playchess.com"]
[Source "ChessBase"]
[SourceQuality "1"]
[TimeControl "40/6000+30:3000+30"]

1. d4 {[%emt 0:00:00]} Nf6 {[%emt 0:00:24]} 2. c4 {[%emt 0:00:00]} c5 {[%emt 0:00:48]} 3. d5 {[%emt 0:00:59]} b5 {[%emt 0:00:27]} 4. cxb5 {[%emt 0:00:39]} a6 {[%emt 0:00:10]} 5. bxa6 {[%emt 0:01:08]} Bxa6 {[%emt 0:00:34]} 6. Nc3 {[%emt 0:00:58]} g6 {[%emt 0:00:52]} 7. e4 {[%emt 0:00:31]} Bxf1 {[%emt 0:00:19]} 8. Kxf1 {[%emt 0:00:07]} d6 {[%emt 0:00:53]} 9. g3 {[%emt 0:00:06]} Bg7 {[%emt 0:00:26]} 10. Kg2 {[%emt 0:00:07]} O-O {[%emt 0:00:55]} 11. Nf3 {[%emt 0:00:04]} Nbd7 {[%emt 0:01:00]} 12. a4 {[%emt 0:00:50]} Qb6 {[%emt 0:02:53]} 13. Ra3 {[%emt 0:00:07]} Rfb8 {[%emt 0:02:56]} 14. Nd2 {[%emt 0:00:13]} Ne8 {[%emt 0:11:56]} 15. Nb5 {[%emt 0:05:24]} Nc7 {[%emt 0:11:49]} 16. Nc4 {[%emt 0:01:55]} Qb7 {[%emt 0:00:46]} 17. Nxc7 {[%emt 0:00:36]} Qxc7 {[%emt 0:00:15]} 18. b3 {[%emt 0:07:57]} Ne5 {[%emt 0:10:56]} 19. Nxe5 {[%emt 0:09:52]} Bxe5 {[%emt 0:01:01]} 20. Qe2 {[%emt 0:20:46]} Qb7 {[%emt 0:05:58]} 21. h4 {[%emt 0:08:16]} Ra6 {[%emt 0:17:17]} 22. Qc2 {[%emt 0:13:02]} Qb4 {[%emt 0:20:24]} 23. f3 {[%emt 0:12:10]} Qc3 {[%emt 0:02:39]} 24. Qxc3 {[%emt 0:01:24]} Bxc3 {[%emt 0:00:10]} 25. Rd1 {[%emt 0:02:54]} Bb4 {[%emt 0:06:15]} 26. Ra2 {[%emt 0:03:30]} Ba5 {[%emt 0:01:37]} 27. Rd3 {[%emt 0:04:48]} Rab6 {[%emt 0:02:58]} 28. Ra3 {[%emt 0:04:05]} Bb4 {[%emt 0:01:23]} 29. Ra2 {[%emt 0:01:15]} Ba5 {[%emt 0:00:14]} 30. Ra3 {[%emt 0:01:01]} 1/2-1/2